Lauracha / (Record no. 5573)
[ view plain ]
| 000 -CABECERA | |
|---|---|
| campo de control de longitud fija | 00880cam a2200241 a 4500 |
| 001 - NÚMERO DE CONTROL | |
| campo de control | 000005777 |
| 005 - FECHA Y HORA DE LA ÚLTIMA TRANSACCIÓN | |
| campo de control | 20200929151800.0 |
| 008 - DATOS DE LONGITUD FIJA--INFORMACIÓN GENERAL | |
| campo de control de longitud fija | 760824s1966 uy 001 1 spa |
| 040 ## - FUENTE DE LA CATALOGACIÓN | |
| Centro catalogador/agencia de origen | DO-SdBNP |
| Centro/agencia transcriptor | FU |
| Centro/agencia modificador | DLC |
| 050 00 - SIGNATURA TOPOGRÁFICA DE LA BIBLIOTECA DEL CONGRESO | |
| Número de clasificación | PQ8519.C5 |
| Número de documento/Ítem | L3 1966 |
| 082 ## - NÚMERO DE LA CLASIFICACIÓN DECIMAL DEWEY | |
| Número de clasificación | U863.4 |
| Número de documento/Ítem | C576l |
| 100 1# - ENTRADA PRINCIPAL--NOMBRE DE PERSONA | |
| Nombre de persona | Cione, Otto Miguel, |
| Fechas asociadas al nombre | 1875-1945. |
| 9 (RLIN) | 16350 |
| 245 10 - MENCIÓN DE TÍTULO | |
| Título | Lauracha / |
| Mención de responsabilidad, etc. | Otto Miguel Cione ; prólogo, Arturo Sergio Visca. |
| 260 ## - PUBLICACIÓN, DISTRIBUCIÓN, ETC. | |
| Lugar de publicación, distribución, etc. | Montevideo, Uruguay : |
| Nombre del editor, distribuidor, etc. | Ministerio de Instrucción Pública y Previsión Social, |
| Fecha de publicación, distribución, etc. | 1966. |
| 300 ## - DESCRIPCIÓN FÍSICA | |
| Extensión | xxxvii, 233 p. ; |
| Dimensiones | 20 cm. |
| 490 0# - MENCIÓN DE SERIE | |
| Mención de serie | Biblioteca Artigas. |
| 490 1# - MENCIÓN DE SERIE | |
| Mención de serie | Clásicos uruguayos |
| Designación de volumen o secuencia | 109 |
| 650 #4 - PUNTO DE ACCESO ADICIONAL DE MATERIA--TÉRMINO DE MATERIA | |
| Término de materia o nombre geográfico como elemento de entrada | Novela uruguaya |
| 9 (RLIN) | 5679 |
| 650 #4 - PUNTO DE ACCESO ADICIONAL DE MATERIA--TÉRMINO DE MATERIA | |
| Término de materia o nombre geográfico como elemento de entrada | Literatura uruguaya |
| Subdivisión cronológica | SIGLO XIX |
| 9 (RLIN) | 16344 |
| 650 #4 - PUNTO DE ACCESO ADICIONAL DE MATERIA--TÉRMINO DE MATERIA | |
| Término de materia o nombre geográfico como elemento de entrada | Literatura latinoamericana |
| Subdivisión cronológica | SIGLO XIX |
| 9 (RLIN) | 16348 |
| 830 #0 - PUNTO DE ACCESO ADICIONAL DE SERIE-TÍTULO UNIFORME | |
| Título uniforme | Biblioteca Artigas. |
| Nombre de parte o sección de la obra | clásicos uruguayos ; |
| Designación de volumen o secuencia | 109 |
| 9 (RLIN) | 16286 |
| 910 ## - DATOS DE OPCIÓN DEL USUARIO (OCLC) | |
| Datos de opción del usuario | Catalogación por copia / LC |
| Estado de retiro | Estado de pérdida | Restricciones de uso | No para préstamo | Código de colección | Localización permanente | Ubicación/localización actual | Ubicación en estantería | Fecha de adquisición | Número de inventario | Total de préstamos | Signatura topográfica completa | Código de barras | Fecha visto por última vez | Precio válido a partir de | Tipo de ítem Koha |
|---|---|---|---|---|---|---|---|---|---|---|---|---|---|---|---|
| Préstamo interno | Monografías: Libros y Folletos | General | General | En catalogación | 22.08.2009 | LF1 | U863.4 C576l | 5777-10 | 25.06.2020 | 25.06.2020 | Préstamo interno |
